Health-related quality of life and disease severity in patients with psoriasis : a hospital-based cross sectional study in Malaysia /
Saved in:
| Main Author: | |
|---|---|
| Format: | Thesis Book |
| Language: | English |
| Published: |
2012.
|
| Subjects: | |
| Tags: |
Add Tag
No Tags, Be the first to tag this record!
|
| LEADER | 01047cam a2200277 a 4500 | ||
|---|---|---|---|
| 001 | u857078 | ||
| 003 | SIRSI | ||
| 005 | 201205281010 | ||
| 008 | 120528n2012 my t 000 0 eng m | ||
| 040 | |a UMP | ||
| 043 | |a a-my--- | ||
| 096 | |a WB115 |b UM 2012 Thu | ||
| 100 | 1 | |a Thu, Wint Wint Nyunt. | |
| 245 | 1 | 0 | |a Health-related quality of life and disease severity in patients with psoriasis : |b a hospital-based cross sectional study in Malaysia / |c Wint Wint Thu Nyunt. |
| 260 | |c 2012. | ||
| 300 | |a x, 83 leaves : |b ill. ; |c 30 cm. | ||
| 502 | |a Dissertation (M. Int. Med) -- Department of Medicine, Faculty of Medicine, University of Malaya, 2012. | ||
| 504 | |a Bibliography: leaves 43-46. | ||
| 650 | 1 | 2 | |a Psoriasis |z Malaysia. |
| 650 | 2 | 2 | |a Quality of Life |z Malaysia. |
| 650 | 2 | 2 | |a Delivery of Health Care |z Malaysia. |
| 650 | 2 | 2 | |a Disease |z Malaysia. |
| 710 | 2 | 0 | |a Universiti Malaya. |b Jabatan Perubatan. |
| 900 | |a RAH | ||
| 596 | |a 2 | ||
| 999 | |a WB115 UM 2012 THU |w NLM |c 1 |i A515095771 |d 26/6/2012 |f 26/6/2012 |g 1 |l TESIS |m P02MEDKL |r Y |s Y |t TESIS |u 26/6/2012 | ||
